| 000 | 00639nam a2200217 a 4500 | ||
|---|---|---|---|
| 001 | 5751 | ||
| 003 | CO-ViMGA | ||
| 008 | 141112s2004 ck r 000 u spa d | ||
| 040 |
_aCO-ViMGA _bspa _cCO-ViMGA |
||
| 082 | 0 | 4 | _a025.1 A738 |
| 100 | 1 |
_aArguinzóniz barragán, María de la Luz _94232 |
|
| 245 | 1 | 0 | _aGuía de biblioteca funciones y actividades |
| 250 | _a2a | ||
| 260 |
_aMexico : _bTrillas, _c1983 |
||
| 300 | _a109 p | ||
| 490 | _aTemas básicos, 4 | ||
| 590 | _aDatos de inventario : 05769 | ||
| 650 | 1 | 4 |
_aBIBLIOTECAS - ADMINISTRACION _94233 |
| 650 | 1 | 4 |
_aSERVICIOS TECNICOS - BIBLIOTECAS - MANUALES _94234 |
| 942 |
_2ddc _cBK |
||
| 999 |
_c17732 _d17732 |
||